000 00413nam a22001817a 4500
003 MPLRDC
005 20220104142701.0
008 210129b ||||| |||| 00| 0 eng d
082 _a538.4 YDG-2
100 _a殷登国
245 _a风流余韵
_c
250 _a初版
260 _a
_b河洛出版社
_c1983
300 _b
490 _a古典不文. 1
650 _a姻缘
942 _cBK
_o538.4 YDG-2
999 _c32878
_d32868